000 01498cam a22002174a 4500
005 20250901131004.0
008 250528s ||||||||||||||||||||||||d
035 _a23075
020 _a9781408017913
040 _aGR-AtMCL
_bgre
_dGR-AtMCL
_eAACR2
245 1 _aMicroeconomics
250 _a2nd
260 _aAustralia
_bSouth-Western - Cengage Learning,
_c2011
300 _a500
520 _aPreface, Acknowledgements, Introduction, Ten Principles of Economics, Thinking Like an Economist, Interdependence and the Gains from Trade, Supply and Demand I: How Markets Work, The Market Forces of Supply and Demand, Elasticity and Its Application, Supply and Demand and Government Policies, Supply and Demand II: Markets and Welfare, Consumers and Producers and the Efficiency of Markets, Application: The Costs of Taxation, Application: International Trade, The Economics of the Public Sector, Externalities, Public Goods and Common Resources, The Design of the Tax System, Firm Behaviour and the Organization of Industry, The Costs of Production, Firms in Competitive Markets, Monopoly, Monopolistic Competition, Oligopoly, The Economics of Labour Markets, The Markets for the Factors of Production, Earnings and Discrimination, Income Inequality and Poverty, Topics for Further Study, The Theory of Consumer Choice, Frontiers of Microeconomics, Glossary, Index.
700 1 _aMankiw Gregory N
_92845
700 1 _aTaylor, Mark P.
_97243
942 _cBK
999 _c8106
_d8106